All Disney Villains By Movie - Statistics

General Stats
  • This quiz has been taken 50 times
  • The average score is 24 of 45
Answer Stats
Release Date Movie Answer % Correct
1992 Aladdin Jafar
95%
1961 101 Dalmatians Cruella De Vil
93%
1994 The Lion King Scar
93%
1953 Peter Pan Captain Hook
91%
1937 Snow White and the Seven Dwarves Evil Queen
91%
1991 Beauty and the Beast Gaston
91%
1997 Hercules Hades
86%
1959 Sleeping Beauty Maleficent
86%
2013 Frozen Prince Hans of the Southern Isles
86%
1951 Alice in Wonderland Queen of Hearts
86%
1989 The Little Mermaid Ursula
86%
1940 Pinocchio Honest John
79%
2010 Tangled Mother Gothel
79%
1973 Robin Hood Prince John
79%
2000 The Emperor's New Groove Yzma
74%
2009 The Princess and the Frog Dr. Facilier
67%
2012 Wreck-It Ralph King Candy/Turbo
63%
1967 The Jungle Book Shere Khan
63%
1999 Tarzan Clayton
56%
1950 Cinderella Lady Tremaine
56%
1996 The Hunchback of Notre-Dame Claude Frollo
53%
1986 The Great Mouse Detective Ratigan
51%
1998 Mulan Shan Yu
51%
1973 Robin Hood Sheriff of Nottingham
51%
2016 Zootopia Dawn Bellweather
49%
1970 The Aristocats Edgar Balthazar
49%
1963 The Sword in the Stone Madam Mim
49%
1995 Pocahontas Governor Ratcliffe
47%
2016 Moana Te Ka/Te Fiti
47%
2016 Moana Tamatoa
42%
1985 The Black Cauldron Horned King
35%
1940 Pinncchio Stromboli
35%
1988 Oliver and Company Bill Sykes
33%
1977 The Rescuers Madame Medusa
33%
1940 Pinncchio Monstro
33%
2014 Big Hero 6 Dr. Robert Callaghan
26%
2023 Wish Magnifico
23%
1990 The Rescuers Down Under Percival C. Mcleach
23%
1940 Pinocchio The Coachman
23%
1981 The Fox and the Hound Amos Slade
21%
2025 Zootopia 2 Milton Lynxley
19%
2024 Moana 2 Nalo
14%
2025 Zootopia 2 Pawbert Lynley
14%
2021 Raya and the Last Dragon Namaari
12%
2018 Ralph Breaks the Internet Wreck-It Ralph Virus
0%
No matching quizzes found
Score Distribution
Percent of People with Each Score
Percentile by Number Answered
Your Score History
You have not taken this quiz